| 000 | 00512nam a22001697a 4500 | ||
|---|---|---|---|
| 008 | 150610b xxu||||| |||| 00| 0 eng d | ||
| 041 | 0 | _aeng | |
| 080 | _a172.12 | ||
| 245 | 0 | 0 |
_athe townsmen _cby the editors of Time-Life Books, with text by Keith Wheeler. |
| 260 |
_aNew York : _bTime-Life Books, _c[1975] |
||
| 300 |
_a240 f. : _bme il. : _c29 cm. |
||
| 500 | _aIndex: f.238-240 | ||
| 650 | 0 | _aFrontier and pioneer life | |
| 650 | 0 | _aKufiri dhe jeta e pionerve | |
| 700 | 1 | _aWheeler, Keith. | |
| 942 |
_2udc _cBK |
||
| 999 |
_c1025 _d1025 |
||